| 000 | 00775nam a2200265Ia 4500 | ||
|---|---|---|---|
| 003 | OSt | ||
| 005 | 20220924123605.0 | ||
| 006 | a|||||r|||| 00| 0 | ||
| 007 | ta | ||
| 008 | 220923b |||||||| |||| 00| 0 urd d | ||
| 020 | _a9788191062175 (hbk) | ||
| 020 | _c160 | ||
| 024 | _a285494 | ||
| 037 |
_b4314, 19/11/2014, Kitabi Duniya _cTextual |
||
| 040 |
_aARTS _cARTS _burd |
||
| 041 |
_2urd _aurd |
||
| 082 | _aO168,2N23:g, Q2 | ||
| 100 |
_aHaque Masood Ul Ed. _9193249 |
||
| 245 | 0 | _aHabib tanvir ka rang manch | |
| 260 |
_aNew Delhi _b Kitab Ghar India _c2012 |
||
| 300 |
_a269p. _ccm. |
||
| 650 | _aURDU DRAMA | ||
| 942 |
_hO168,2N23:g, Q2 _cTEXL _2CC |
||
| 999 |
_c416344 _d416344 |
||